đŸŽ¶ Paroles "Marcia baila" Les Rita Mitsouko - Statistiques

Statistiques générales
  • Ce quiz a Ă©tĂ© pris 233 fois
  • Le rĂ©sultat moyen est 255 sur 325
Statistiques - réponses
Mots % Correct
Ă 
99%
a
99%
A
99%
c'
99%
C'
99%
Marcia,
99%
Marcia
99%
Marcia ...
99%
d'
98%
Dans
98%
dans
98%
l'
98%
la
98%
La
98%
elle
97%
Elle
97%
es
97%
est
97%
t'
97%
danse
96%
qui
96%
Qui
96%
as
94%
mort
94%
mort,
94%
tu
92%
Tu
92%
le
91%
Le
91%
de
90%
De
90%
en
88%
ce
87%
comme
87%
Comme
87%
Mais
86%
que
86%
Que
86%
et
85%
Et
85%
un
85%
assassinée,
83%
ton
83%
des
82%
Des
82%
vie
82%
une
81%
sous
80%
ta
80%
aussi,
79%
aussi
79%
bras
79%
Je
79%
avec
78%
Avec
78%
pris
77%
ris
77%
Belle
76%
belle
76%
Quand
76%
quand
76%
cancer
73%
tellement
73%
aimes
72%
souris
72%
toi ?
72%
toi
72%
toi,
72%
me
71%
on
70%
Quel
68%
du
67%
Du
67%
peu
67%
bouche
66%
donc
66%
les
66%
amour
64%
immense
64%
mal
64%
chinois
63%
Maintenant,
63%
Maintenant
63%
sent
63%
chose
62%
emmenée
62%
ses
62%
impossible
61%
couperets
60%
jambes
60%
sur
60%
froid
57%
fusée
56%
ville
56%
pieds
55%
sauterelle
55%
Aiguisées
54%
sensations
54%
satin,
52%
tout
52%
cendres,
51%
cendres
51%
sirĂšne
51%
maigre
50%
son
49%
mouvements
48%
polystyrĂšne
48%
chaleur
47%
bien
46%
donnent
46%
rayonne
45%
scĂšne,
45%
voir
45%
excité
44%
idées
44%
Ou
44%
transforme
44%
trĂšs
44%
mĂȘme
43%
mĂȘme,
43%
consumée,
41%
danser
40%
épaules
40%
Moretto
40%
reste
39%
Pour
36%
tĂȘte
35%
forte
32%
Deux
31%
façon
29%
hiéroglyphe
28%
inca
28%
nouvelle
28%
visage
28%
inventée.
27%
flĂšches
25%
opéra
22%
expansée
21%
plat
21%
flanelle
20%
cherché
18%
danseur
17%
carton.
11%
Aucun quiz correspondant
Distribution des résultats
% des personnes avec chaque résultat
Percentile par nombre de réponses
Votre historique - résultats
Vous n’avez pas pris ce quiz